[Event "It (open) \"]
[Site "masterchessopen.com – Feffernitz (Austria)"]
[Date "1999.08.21"]
[Round "6"]
[White "Reiss Georg (AUT)"]
[Black "Schriebl Alexander (AUT)"]
[Result "0-1"]
[WhiteElo "2132"]
[BlackElo "2080"]

1.c4 Nf6 2.Nc3 g6 3.d4 d5 4.Qb3 dxc4 5.Qxc4 c6 6.Nf3 b5 7.Qb3 Be6 8.Qd1 Bg7
9.Bf4 Nbd7 10.e3 O-O 11.Bd3 a6 12.Ne5 Rc8 13.O-O Nxe5 14.Bxe5 c5 15.dxc5 Rxc5
16.Bd4 Rc8 17.a4 b4 18.Ne2 a5 19.Rc1 Qd6 20.Qd2 Bb3 21.Bc2 Bxc2 22.Rxc2 Rxc2
23.Qxc2 e5 24.Qc5 Qxc5 25.Bxc5 Rd8 26.Bb6 Rd2 27.Nc1 Rxb2 28.Bxa5 e4 29.Re1
Nd5 30.Bd8 Rb1 31.Kf1 b3 32.Nxb3 Rxb3 33.a5 Nb4 34.Rd1 Rd3 35.Rb1 Rxd8 36.Rxb4
Bc3 37.Ra4 Rd1+ 38.Ke2 Re1# 0-1

[Event "It (open)"]
[Site "masterchessopen.com – Torshavn (Faroe Islands)"]
[Round "7"]
[White "Pedersen Steffen (DEN)"]
[Black "Eriksson Johan (SWE)"]
[Result "1-0"]
[WhiteElo "2464"]
[BlackElo "2369"]

1.d4 Nf6 2.c4 g6 3.Nc3 d5 4.Qb3 dxc4 5.Qxc4 Bg7 6.Bf4 Na6 7.e4 O-O 8.Rd1 b5
9.Qxb5 Rb8 10.Qa4 Rb6 11.Nf3 Bb7 12.Be2 Qc8 13.O-O Nxe4 14.Rc1 Rxb2 15.Rfe1
Nxc3 16.Rxc3 Rb6 17.h3 Qf5 18.Bg3 c5 19.Bd3 Qh5 20.Bxa6 Rxa6 21.Qd7 Qd5
22.Qxe7 cxd4 23.Rc5 Re6 24.Rxe6 Qxe6 25.Qxb7 Qxa2 26.Rd5 a5 27.Bd6 Re8 28.Ng5
Qa1+ 29.Kh2 Qe1 30.Qxf7+ Kh8 31.Bg3 Rf8 32.Qd7 Re8 33.Re5 Rxe5 34.Nf7+ Kg8
35.Nxe5 {#r} 1-0

[Event "It"]
[Site "masterchessopen.com – Goteborg (Sweden)"]
[Round "8"]
[White "Yakovich Yuri (RUS)"]
[Black "Kallio Heikki (FIN)"]
[Result "1-0"]
[WhiteElo "2588"]
[BlackElo "2517"]

1.d4 Nf6 2.c4 g6 3.Nc3 d5 4.Qb3 dxc4 5.Qxc4 Be6 6.Qb5+ Nc6 7.Nf3 Bg7 8.Qxb7
Na5 9.Qb5+ c6 10.Qa4 O-O 11.e4 Bd7 12.Qd1 c5 13.dxc5 Qc8 14.Be2 Qxc5 15.O-O
Bc6 16.Bd2 Nxe4 17.Nxe4 Bxe4 18.Qa4 Bxf3 19.Bxf3 Nc4 20.Rac1 Nxb2 21.Qd7 Qd4
22.Qxd4 Bxd4 23.Bxa8 Rxa8 24.Bc3 Rd8 25.Bxd4 Rxd4 26.Rc7 a5 27.Rxe7 Rd2
28.Rfe1 {#r} 1-0

[Event "It (open)"]
[Site "masterchessopen.com – Graz (Austria)"]
[Round "8"]
[White "Senoner Erich (AUT)"]
[Black "Frank Paul (AUT)"]
[Result "1-0"]
[WhiteElo "2128"]
[BlackElo "2261"]

1.d4 Nf6 2.c4 g6 3.Nc3 d5 4.Qb3 dxc4 5.Qxc4 a6 6.e4 b5 7.Qd3 Bb7 8.f3 Bg7 9.h4
Nh5 10.Nge2 Nc6 11.Be3 Ne5 12.Qc2 Nc4 13.Bf2 Nf6 14.g4 h5 15.g5 Nd7 16.Bg2 e6
17.O-O Qe7 18.Rad1 O-O 19.f4 Rab8 20.e5 Bxg2 21.Kxg2 Ncb6 22.Ne4 Rfc8 23.Nf6+
Kh8 24.Ng3 Bxf6 25.gxf6 Qb4 26.f5 exf5 27.Nxf5 gxf5 28.Qxf5 Rg8+ 29.Kh2 Rg6
30.Qxh5+ Kg8 31.Rg1 Nxe5 32.dxe5 Qf4+ 33.Bg3 Qg4 34.Qxg4 Rxg4 35.e6 Rxg3
36.Rxg3+ Kh8 37.e7 {#r} 1-0

[Event "It (cat.9)"]
[Site "masterchessopen.com – Hasselbacken (Sweden)"]
[Round "8"]
[White "Yakovich Yuri (RUS)"]
[Black "Ernst Thomas (SWE)"]
[Result "1-0"]
[WhiteElo "2588"]
[BlackElo "2436"]

1.d4 Nf6 2.c4 g6 3.Nc3 d5 4.Qb3 dxc4 5.Qxc4 Be6 6.Qb5+ Nc6 7.Nf3 Rb8 8.e4 Bd7
9.Qb3 Bg7 10.h3 O-O 11.Be3 b5 12.Bd3 Ne8 13.e5 Be6 14.Qd1 Nb4 15.Bxb5 Bf5
16.O-O Nc2 17.Rc1 c6 18.Bxc6 Nxe3 19.fxe3 Rxb2 20.e4 Bd7 21.Na4 Rxa2 22.Qb3
Bxc6 23.Rxc6 Re2 24.Qd3 Qd7 25.Ra6 Ra2 26.Nc5 {#r} 1-0

[Event "Ch Hungary (open)"]
[Site "masterchessopen.com – Zalakaros (Hungary)"]
[Round "1"]
[White "Wersching Alfred (AUT)"]
[Black "Szeberenyi Adam (HUN)"]
[Result "0-1"]
[WhiteElo "2063"]
[BlackElo "2365"]

1.d4 Nf6 2.c4 g6 3.Nc3 d5 4.Qb3 dxc4 5.Qxc4 Bg7 6.Bf4 c6 7.Bxb8 Rxb8 8.e3 O-O
9.Nf3 Be6 10.Qd3 Qa5 11.Nd2 b5 12.b3 Rfd8 13.a4 Bf5 14.e4 Nxe4 15.Ncxe4 Rxd4
{#R} 0-1

[Event "Cup Rilton"]
[Site "masterchessopen.com – Stockholm (Sweden)"]
[Round "9"]
[White "Yakovich Yuri (RUS)"]
[Black "Karlsson Tomas (SWE)"]
[Result "1-0"]
[WhiteElo "2579"]
[BlackElo "2252"]

1.d4 Nf6 2.c4 g6 3.Nc3 d5 4.Qb3 dxc4 5.Qxc4 Be6 6.Qb5+ Bd7 7.Qb3 Nc6 8.Nf3 Bg7
9.e4 O-O 10.h3 b6 11.Be3 Na5 12.Qc2 c5 13.dxc5 bxc5 14.Be2 Qc7 15.e5 Bf5
16.Qa4 Nd7 17.Nd5 Qd8 18.Rd1 Kh8 19.g4 Be6 20.Nf4 {#r} 1-0

[Event "Ch Hungary (team) 2001/02 (2 liga)"]
[Site "masterchessopen.com – Hungary"]
[Date "2002.03.03"]
[Round "8"]
[White "Kaman Attila (HUN)"]
[Black "Bernat Robert (HUN)"]
[Result "0-1"]
[WhiteElo "2163"]
[BlackElo "2107"]

1.d4 Nf6 2.c4 g6 3.Nc3 d5 4.Qb3 dxc4 5.Qxc4 Be6 6.Qb5+ Bd7 7.Qd3 Bg7 8.e4 O-O
9.Nf3 c5 10.d5 Qa5 11.Be2 Nxe4 12.Qxe4 Bxc3+ 13.Kf1 Bf6 14.Bd2 Qb6 15.Bc3 Bxc3
16.bxc3 Qf6 17.Rd1 Qxc3 18.Qxe7 Re8 19.Qh4 Rxe2 20.Ng5 Re1+ {#R} 0-1

[Event "It (open)"]
[Site "masterchessopen.com – Nyiregyhaza (Hungary)"]
[Date "2002.07.01"]
[Round "3"]
[White "Bodrogi Laszlo (HUN)"]
[Black "Karsai Istvan (HUN)"]
[Result "1-0"]
[WhiteElo "2088"]
[BlackElo "2141"]

1.d4 Nf6 2.c4 g6 3.Nc3 d5 4.Qb3 dxc4 5.Qxc4 Be6 6.Qb5+ Bd7 7.Qd3 Nc6 8.Nf3 Nb4
9.Qb1 c5 10.dxc5 Bg7 11.e4 O-O 12.Be2 Qc7 13.a3 Na6 14.b4 Bc6 15.O-O Ng4
16.Bb2 f5 17.Nd5 Bxd5 18.exd5 Qf4 19.g3 Qh6 20.Bc4 Kh8 21.Bxg7+ Kxg7 22.Qb2+
Rf6 23.Rfe1 f4 24.h4 fxg3 25.fxg3 Ne3 26.Ba2 Rf8 27.Ng5 Nf5 28.Ne6+ Kg8
29.Nxf8 Nxg3 30.d6+ Kxf8 31.dxe7+ Ke8 32.Qxf6 {#r} 1-0

[Event "Ch Europe (juniors) (under 16) (g)"]
[Site "masterchessopen.com – Budva (Yugoslavia)"]
[Round "8"]
[White "Saulyte Gabriele (LTU)"]
[Black "Schneider Veronika (HUN)"]
[Result "0-1"]
[WhiteElo "1997"]
[BlackElo "2263"]

1.d4 Nf6 2.c4 g6 3.Nc3 d5 4.Qb3 dxc4 5.Qxc4 Bg7 6.e4 O-O 7.h3 Na6 8.Be3 c6
9.Qb3 Qa5 10.f3 b5 11.Rc1 Nh5 12.Kf2 Rd8 13.Nge2 Nb4 14.Rd1 Be6 15.d5 cxd5
16.exd5 Bf5 17.Ne4 e6 18.g4 exd5 19.gxf5 dxe4 20.fxe4 Rxd1 21.Qxd1 Rd8 22.Qb1
Rd2 23.Kg2 Qxa2 24.Qxa2 Nxa2 25.fxg6 hxg6 26.Bxa7 b4 {#R} 0-1

[Event "Ch France (team) (2) 2003/04"]
[Site "masterchessopen.com – France"]
[Date "2004.01.17"]
[Round "5"]
[White "Le Roux Jean-Pierre (FRA)"]
[Black "Pujos Stephane (FRA)"]
[Result "1-0"]
[WhiteElo "2460"]
[BlackElo "2316"]

1.d4 Nf6 2.c4 g6 3.Nc3 d5 4.Qb3 dxc4 5.Qxc4 Be6 6.Qb5+ Nc6 7.Nf3 Bd7 8.Qb3 Bg7
9.e4 O-O 10.e5 Ng4 11.h3 Nh6 12.Bf4 Na5 13.Qa3 c5 14.dxc5 Bc6 15.Rd1 Qc7 16.b4
Bxf3 17.gxf3 Nc6 18.Nd5 Qd8 19.Bc4 Kh8 20.Qe3 Nf5 21.Qe4 Qc8 22.Bb3 Rd8 23.h4
e6 24.Nf6 Rxd1+ 25.Bxd1 a5 26.h5 g5 27.Bxg5 axb4 28.h6 Bf8 29.Rg1 Be7 30.Bh4
Qc7 31.Rg7 Bxf6 32.Bxf6 Nxg7 33.hxg7+ Kg8 34.Bc2 Rxa2 35.Qxh7# 1-0

[Event "Ch Brazil"]
[Site "masterchessopen.com – Rio de Janeiro (Brazil)"]
[Date "2004.03.01"]
[Round "7"]
[White "Navarro Tiago Cunha (BRA)"]
[Black "Paiva Pedro Henrique (BRA)"]
[Result "0-1"]
[WhiteElo "2150"]
[BlackElo "2118"]

1.d4 Nf6 2.c4 g6 3.Nc3 d5 4.Qb3 c6 5.cxd5 Nxd5 6.e4 Nxc3 7.bxc3 Bg7 8.Bc4 O-O
9.Ne2 Nd7 10.Be3 b5 11.Bd3 Nc5 12.Qc2 Nxd3+ 13.Qxd3 Be6 14.O-O Bc4 15.Qc2 a5
16.a4 Qd7 17.Rfd1 Rfd8 18.Nc1 Qe6 19.f3 Rab8 20.axb5 Rxb5 21.Rd2 Rdb8 22.Nd3
Bb3 23.Qc1 a4 24.Qa3 Qd6 25.Nc5 Qd8 26.Bf4 Qa5 27.Rc1 e5 28.Be3 Rd8 29.c4 Rb4
30.Rb1 Bf8 31.Ra2 Bxa2 32.Rxb4 exd4 33.Bg5 Bxc5 34.Bxd8 Bxb4 {#R} 0-1

[Event "Cup North Sea (open)"]
[Site "masterchessopen.com – Esbjerg (Denmark)"]
[Date "2004.07.04"]
[Round "2"]
[White "Kallenbach Uffe (DEN)"]
[Black "Hansen Erik Hedegaard (DEN)"]
[Result "0-1"]
[WhiteElo "1643"]
[BlackElo "1837"]

1.d4 Nf6 2.c4 g6 3.Nc3 d5 4.Qb3 c6 5.cxd5 Nxd5 6.e4 Nxc3 7.Qxc3 Bg7 8.Be3 O-O
9.f4 e6 10.Nf3 Nd7 11.Bd3 Nf6 12.Ne5 Nd7 13.Ng4 f5 14.Ne5 Nf6 15.Qc2 Qa5+
16.Bd2 Qb6 17.Bc3 fxe4 18.Bxe4 Nd5 19.g3 Qc7 20.Qf2 c5 21.Qd2 c4 22.Bb4 Rd8
23.Rc1 Bxe5 24.Bxd5 Rxd5 25.fxe5 a5 26.Bd6 Qc6 27.Qh6 Rxd6 28.exd6 Qxh1+ {#R}
0-1

[Event "It (open)"]
[Site "masterchessopen.com – Graz (Austria)"]
[Date "2004.09.11"]
[Round "8"]
[White "Zakharchenko Arnold (UKR)"]
[Black "Kreisl Robert (AUT)"]
[Result "1-0"]
[WhiteElo "2302"]
[BlackElo "2220"]

1.d4 Nf6 2.c4 g6 3.Nc3 d5 4.Qb3 dxc4 5.Qxc4 Bg7 6.e4 O-O 7.Be2 Nfd7 8.Be3 Nb6
9.Qc5 N8d7 10.Qa3 e5 11.d5 f5 12.Qb3 Kh8 13.Nf3 Qe7 14.O-O-O Nf6 15.exf5 gxf5
16.Bg5 Bd7 17.Nd2 Qd6 18.Nc4 Nxc4 19.Qxc4 a6 20.a3 b5 21.Qb4 Qb6 22.Be3 Qb7
23.f3 Rfe8 24.Qb3 c6 25.dxc6 Bxc6 26.Rd6 Rac8 27.Kb1 Red8 28.Rhd1 Rxd6 29.Rxd6
Be8 30.Bg5 Bf7 31.Qd1 Qe7 32.Rxa6 Rd8 33.Qe1 Rd6 34.Rxd6 Qxd6 35.Qd2 Qe6
36.Bxb5 e4 37.Be3 exf3 38.gxf3 f4 39.Bd4 Qf5+ 40.Bd3 Qg5 41.Ne4 Nxe4 42.Bxe4
Qb5 43.Bxg7+ Kxg7 44.Bd3 Qb8 45.Kc1 {#r} 1-0

[Event "Ch City"]
[Site "masterchessopen.com – Kimry (Russia)"]
[Round "6"]
[White "Makhnev Vladimir (RUS)"]
[Black "Zhadanov Vasili B (RUS)"]
[Result "1-0"]
[WhiteElo "2322"]
[BlackElo "2166"]

1.d4 Nf6 2.c4 g6 3.Nc3 d5 4.Qb3 dxc4 5.Qxc4 c6 6.Nf3 Be6 7.Qd3 Bg7 8.e4 O-O
9.Be2 b5 10.Qc2 Bg4 11.Be3 Nbd7 12.O-O Nb6 13.Ne5 Qc8 14.f3 Be6 15.Nd1 c5
16.dxc5 b4 17.Qd2 Nbd7 18.Nxd7 Nxd7 19.Qxb4 Rb8 20.Qa3 Qc7 21.Rc1 Be5 22.f4
Bg7 23.b4 Nf6 24.Nf2 Qb7 25.b5 Qc7 26.c6 Ra8 27.Rfd1 Ne8 28.b6 {#r} 1-0

[Event "Ch Slovenia (juniors) (under 16)"]
[Site "masterchessopen.com – Sentjur (Slovenia)"]
[Date "2005.02.28"]
[Round "4"]
[White "Drnovsek Nejc (SLO)"]
[Black "Kranjec Primoz (SLO)"]
[Result "1-0"]
[WhiteElo "2098"]
[BlackElo "1959"]

1.d4 Nf6 2.c4 g6 3.Nc3 d5 4.Qb3 dxc4 5.Qxc4 Be6 6.Qb5+ Bd7 7.Qb3 Nc6 8.Nf3 Bg7
9.e4 O-O 10.h3 b6 11.Be3 a5 12.a3 a4 13.Qc2 Na5 14.Nd2 b5 15.e5 Bf5 16.Bd3
Bxd3 17.Qxd3 Nd7 18.Qxb5 c5 19.Nxa4 Rb8 20.Qe2 cxd4 21.Bxd4 Nxe5 22.Bxe5 Bxe5
23.Qxe5 Qxd2+ 24.Kxd2 Nc4+ 25.Ke2 Nxe5 26.Rhc1 Ra8 27.Nc5 Rfc8 28.b4 Kg7 29.b5
Nc6 30.bxc6 Rxc6 31.a4 Ra5 32.Nb3 Rxa4 33.Rxa4 {#r} 1-0

[Event "It (open) \"]
[Site "masterchessopen.com – St.Petersburg (Russia)"]
[Date "2005.06.23"]
[Round "6"]
[White "Windelband Jens (GER)"]
[Black "Korchagina Viktoria (RUS)"]
[Result "1-0"]
[WhiteElo "2148"]
[BlackElo "2004"]

1.d4 Nf6 2.c4 g6 3.Nc3 d5 4.Qb3 e6 5.Bg5 c6 6.Nf3 Bg7 7.e3 Qa5 8.Bd3 Ne4 9.Bf4
Nxc3 10.bxc3 O-O 11.h4 h5 12.O-O Nd7 13.e4 Nf6 14.e5 dxc4 15.Bxc4 Nd5 16.Bd2
Qc7 17.Bc1 Rd8 18.Bg5 Rd7 19.Nd2 a5 20.Ne4 b5 21.Bxd5 Rxd5 22.Nf6+ Bxf6
23.Bxf6 Ba6 24.Rfd1 Rc8 25.Rd3 c5 26.Rg3 Kh7 27.Qd1 cxd4 28.Rg5 Kh6 29.Rxh5+
gxh5 30.Qc1+ Kh7 31.Qg5 {#r} 1-0

[Event "Ch Belgrade (team) (qual. liga)"]
[Site "masterchessopen.com – Belgrade (Yugoslavia)"]
[Round "0"]
[White "Peovic Milos (SRB)"]
[Black "Askovic Jovica (SRB)"]
[Result "1-0"]
[WhiteElo "2279"]
[BlackElo "2115"]

1.d4 Nf6 2.c4 g6 3.Nc3 d5 4.Qb3 c6 5.Nf3 dxc4 6.Qxc4 b6 7.Bf4 Ba6 8.Qa4 b5
9.Qc2 Bg7 10.e3 Qa5 11.Nd2 Nbd7 12.Be2 Rc8 13.O-O c5 14.Nb3 Qb6 15.dxc5 Nxc5
16.Nxc5 Rxc5 17.Qb3 O-O 18.Rfd1 Nh5 19.Nd5 Qe6 20.Bxh5 gxh5 21.Nb4 Bc8 22.Nd3
Rd5 23.Rdc1 Rfd8 24.Nc5 Qb6 25.Ne4 Qg6 26.Rxc8 Qxe4 27.Rxd8+ Rxd8 28.Qxb5 Qc2
29.h3 Bxb2 30.Qg5+ Kf8 31.Rf1 Rd1 32.Rxd1 Qxd1+ 33.Kh2 Qe2 34.Qc5 f6 {#r} 1-0

[Event "Ch NSW (reserves)"]
[Site "masterchessopen.com – West Ryde Australia)"]
[Date "2005.10.30"]
[Round "9"]
[White "Rachmadi Herman (AUS)"]
[Black "Song Angela (AUS)"]
[Result "0-1"]
[WhiteElo "1840"]
[BlackElo "1933"]

1.d4 Nf6 2.c4 g6 3.Nc3 d5 4.Qb3 dxc4 5.Qxc4 c6 6.e4 b5 7.Qd3 b4 8.Nce2 Ba6
9.Qe3 Bb5 10.Nf3 Nbd7 11.g3 Nb6 12.b3 a5 13.Bg2 a4 14.Bb2 h5 15.Rd1 Bh6 16.Ng5
axb3 17.axb3 Ra2 18.Rb1 Ng4 19.Qf4 Bxg5 20.Qxg5 Bxe2 21.d5 Bd3 22.Bxh8 Re2+
23.Kf1 Rxf2+ 24.Kg1 Bxb1 25.h3 Rxg2+ 26.Kxg2 Bxe4+ 27.Kg1 Bxh1 28.hxg4 Qxd5
{#R} 0-1

[Event "Memorial I.Subasic (cat.7)"]
[Site "masterchessopen.com – Zenica (Bosnia & Herzegovina)"]
[Date "2005.11.20"]
[Round "3"]
[White "Atalik Suat (BIH)"]
[Black "Radic Bojan (BIH)"]
[Result "1-0"]
[WhiteElo "2620"]
[BlackElo "2113"]

1.d4 Nf6 2.c4 g6 3.Nc3 d5 4.Qb3 dxc4 5.Qxc4 Bg7 6.e4 a6 7.Bf4 c6 8.Nf3 O-O
9.Be2 Be6 10.Qd3 h6 11.h3 Nbd7 12.O-O Nb6 13.Rad1 Bc4 14.Qc2 Bxe2 15.Nxe2 e6
16.Rfe1 Rc8 17.Nc1 Nh5 18.Bd2 Nd7 19.e5 f5 20.Qb3 Qe8 21.Qxb7 g5 22.Nh2 c5
23.d5 Rb8 24.Qxa6 exd5 25.Qd6 d4 26.Qd5+ Kh8 27.Nd3 Qc8 28.b3 Rb5 29.Rc1 Re8
30.Qf7 Nf4 31.Bxf4 gxf4 32.Nxf4 Rb7 33.Ng6+ Kh7 34.Ne7 Rxe7 35.Qxe7 Nxe5
36.Rxc5 Rxe7 37.Rxc8 Rd7 38.Rd1 f4 39.Rcc1 Kg6 40.Rd2 Rd6 41.Rcd1 Nc6 42.Nf3
Kf5 43.Re1 {#r} 1-0

[Event "Bayern Regionalliga Northwest 2005/06"]
[Site "masterchessopen.com – Bayern (Germany)"]
[Date "2005.12.11"]
[Round "4"]
[White "Lechleitner Walter"]
[Black "Wilfert Andre (GER)"]
[Result "1-0"]
[WhiteElo "1964"]
[BlackElo "2080"]

1.d4 Nf6 2.c4 g6 3.Nc3 d5 4.Qb3 dxc4 5.Qxc4 c6 6.Nf3 Bg7 7.a4 O-O 8.Bg5 Na6
9.e3 Be6 10.Qd3 Nb4 11.Qd2 c5 12.Be2 Qa5 13.O-O cxd4 14.exd4 Rfd8 15.Rfe1 Nc6
16.Bb5 a6 17.Bxc6 bxc6 18.Qf4 Rab8 19.Ne5 Qb6 20.Red1 Rd6 21.Bxf6 exf6 22.Nc4
Bxc4 23.Qxd6 Rd8 24.Qc5 Qxc5 25.dxc5 Rb8 26.Rd6 f5 27.Rxc6 h5 28.Nd1 f4 29.Rc1
Re8 30.Nc3 Bd4 31.h3 Re5 32.b4 f3 33.Rd6 Bxc3 34.Rxc3 Re1+ 35.Kh2 fxg2 36.Kxg2
Bf1+ 37.Kg3 g5 38.c6 h4+ 39.Kg4 Re5 40.Rd2 Kg7 41.Re3 {#r} 1-0

[Event "It (open) (masters)"]
[Site "masterchessopen.com – Hastings (England)"]
[Date "2006.01.01"]
[Round "5"]
[White "Le Roux Jean-Pierre (FRA)"]
[Black "Pedersen Jan Rode (DEN)"]
[Result "1-0"]
[WhiteElo "2494"]
[BlackElo "2266"]

1.d4 Nf6 2.c4 g6 3.Nc3 d5 4.Qb3 Bg7 5.cxd5 O-O 6.Nf3 Nbd7 7.e4 Nb6 8.Be2 e6
9.dxe6 Bxe6 10.d5 Bd7 11.O-O Qe7 12.e5 Ng4 13.Bg5 Qe8 14.a4 c6 15.d6 Qe6
16.Qxe6 Bxe6 17.Nd4 Nxe5 18.Nxe6 fxe6 19.Ne4 Ned7 20.Bg4 h6 21.Bxe6+ Kh7 22.a5
Rfe8 23.Be7 Nf8 24.Bf7 Nc4 {#r} 1-0

[Event "It (open)"]
[Site "masterchessopen.com – Ditzingen (Germany)"]
[Date "2006.05.28"]
[Round "7"]
[White "Vanderhallen Nicolas (BEL)"]
[Black "Imhof Thomas (GER)"]
[Result "0-1"]
[WhiteElo "2175"]
[BlackElo "2064"]

1.d4 Nf6 2.c4 g6 3.Nc3 d5 4.Qb3 dxc4 5.Qxc4 Bg7 6.e4 O-O 7.Be2 Nc6 8.Be3 e5
9.d5 Nd4 10.O-O-O b5 11.Qd3 b4 12.Bxd4 exd4 13.Nb5 Nxe4 14.Qxe4 Bf5 15.Qf4
Qxd5 16.Rxd4 Bxd4 17.Nxd4 Qc5+ 18.Kd2 Rad8 19.Nf3 Qc2+ 20.Ke3 Rfe8+ 21.Ne5 Qc5
{#R} 0-1

[Event "Ch Germany (juniors) (under 18) (g)"]
[Site "masterchessopen.com – Willingen (Germany)"]
[Date "2006.06.04"]
[Round "2"]
[White "Janiesch Maike (GER)"]
[Black "Hoolt Sarah (GER)"]
[Result "0-1"]
[WhiteElo "1780"]
[BlackElo "2135"]

1.d4 Nf6 2.c4 g6 3.Nc3 d5 4.Qb3 dxc4 5.Qxc4 a6 6.Nf3 b5 7.Qd3 Bb7 8.a3 Bg7
9.e4 O-O 10.Be3 Nbd7 11.Be2 Ng4 12.O-O Nxe3 13.Qxe3 e5 14.Rfd1 exd4 15.Nxd4
Qe7 16.Nc2 Rfd8 17.f4 Bxc3 18.Qxc3 Bxe4 19.Bf3 Bxf3 20.Qxf3 Qc5+ 21.Ne3 Nb6
22.Kf1 Nc4 23.Nxc4 Qxc4+ 24.Kf2 Qc5+ 25.Kf1 Rxd1+ 26.Rxd1 Re8 27.Qd3 Qe7
28.Kf2 Qh4+ 29.Qg3 Qf6 30.Rd2 Re4 31.Kf3 Qc6 32.Kg4 Qe6+ 33.Kh4 h5 34.Qg5 Kg7
35.Kg3 Qb3+ 36.Kh4 Qe3 {#R} 0-1

[Event "It (open)"]
[Site "masterchessopen.com – Bajmok (Serbia)"]
[Date "2006.12.16"]
[Round "4"]
[White "Trbovic Bogdan (SRB)"]
[Black "Jovicic Aleksandar (SRB)"]
[Result "1-0"]
[WhiteElo "2010"]
[BlackElo "2076"]

1.d4 Nf6 2.c4 g6 3.Nc3 d5 4.Qb3 c6 5.Bg5 dxc4 6.Qxc4 Bg7 7.e4 O-O 8.Nf3 Qa5
9.Bd2 b5 10.Qc5 Qd8 11.e5 Nfd7 12.Qa3 a5 13.Ne4 Bb7 14.Rc1 b4 15.Qe3 Nb6
16.Qf4 f6 17.Qh4 Bc8 18.Bh6 Bf5 19.Neg5 fxg5 20.Nxg5 Bxh6 21.Qxh6 Rf7 22.Nxf7
Kxf7 23.Qxh7+ Ke8 24.g4 Be4 25.e6 N6d7 26.Qf7# 1-0

[Event "Ch City (open)"]
[Site "masterchessopen.com – Frankfurt (Germany)"]
[Date "2007.06.04"]
[Round "5"]
[White "Honert Stefan"]
[Black "Riha Peter (GER)"]
[Result "0-1"]
[WhiteElo "1263"]
[BlackElo "1827"]

1.d4 Nf6 2.c4 g6 3.Nc3 d5 4.Qb3 dxc4 5.Qxc4 Be6 6.Qb5+ Bd7 7.Qxb7 Bc6 8.Qb3
Qxd4 9.Be3 Qg4 10.Nf3 Nbd7 11.h3 Qh5 12.Nd4 Bd5 13.Nxd5 Qxd5 14.Qxd5 Nxd5
15.Nb5 a6 16.Bd4 e5 17.Bxe5 Nxe5 18.e4 Bb4+ 19.Ke2 axb5 20.exd5 O-O-O 21.f4
Nc4 22.b3 Rhe8+ 23.Kf2 Bc5+ 24.Kg3 Re3+ 25.Kh2 Nd6 26.Rc1 Bb4 27.a4 Rxb3
28.axb5 Bd2 29.Rc6 Bxf4+ 30.Kg1 Nxb5 {#R} 0-1

[Event "It (open)"]
[Site "masterchessopen.com – Parla (Spain)"]
[Date "2007.09.01"]
[Round "1"]
[White "Epishin Vladimir (GER)"]
[Black "Anton Guijarro David (ESP)"]
[Result "1-0"]
[WhiteElo "2578"]
[BlackElo "1956"]

1.d4 Nf6 2.c4 g6 3.Nc3 d5 4.Qb3 dxc4 5.Qxc4 Bg7 6.e4 O-O 7.Be2 a6 8.Be3 Nbd7
9.e5 Nb6 10.exf6 Nxc4 11.fxg7 Kxg7 12.Bxc4 Qd6 13.Nge2 b5 14.Bd3 Bb7 15.O-O e6
16.Rac1 Rac8 17.Rfd1 f5 18.Bf4 Qe7 19.Re1 g5 20.Be5+ Kg8 21.Ng3 g4 22.a3 h5
23.Nxh5 Qh4 24.Nf4 Qh6 25.Bb1 Rce8 26.Ba2 Kh7 27.Nxb5 Re7 28.Rxc7 Rff7 29.Rxe7
Rxe7 30.Nc7 Be4 31.Ncxe6 Rb7 32.d5 Rd7 33.d6 {#r} 1-0

[Event "It \"]
[Site "masterchessopen.com – Augsburg (Germany)"]
[Date "2008.01.03"]
[Round "7"]
[White "Atalik Suat (BIH)"]
[Black "Van Der Weide Karel (BEL)"]
[Result "1-0"]
[WhiteElo "2607"]
[BlackElo "2469"]

1.d4 Nf6 2.c4 g6 3.Nc3 d5 4.Qb3 dxc4 5.Qxc4 Bg7 6.e4 O-O 7.Be2 a6 8.Be3 b5
9.Qb3 Nc6 10.Rd1 b4 11.Na4 Nxe4 12.Bf3 Bf5 13.g4 Nxd4 14.Rxd4 Bxd4 15.gxf5
Bxe3 16.Qxe3 Nd6 17.fxg6 hxg6 18.Bxa8 Nc4 19.Qf3 Qd2+ 20.Kf1 Rd8 21.Nh3 Rd4
22.Rg1 {#r} 1-0

[Event "It (open)"]
[Site "masterchessopen.com – Moscow (Russia)"]
[Date "2008.02.02"]
[Round "1"]
[White "Zakharchenko Arnold (UKR)"]
[Black "Nikolenko Oleg (RUS)"]
[Result "0-1"]
[WhiteElo "2288"]
[BlackElo "2517"]

1.d4 Nf6 2.c4 g6 3.Nc3 d5 4.Qb3 dxc4 5.Qxc4 Be6 6.Qb5+ Nc6 7.Nf3 Nd5 8.e4 Nb4
9.Qa4 Bd7 10.Qb3 e5 11.Bg5 Nxd4 12.Nxd4 Qxg5 13.Ndb5 O-O-O {#R} 0-1

[Event "It (b)"]
[Site "masterchessopen.com – Coulsdon (England)"]
[Date "2008.04.08"]
[Round "2"]
[White "Ponting Andrew (ENG)"]
[Black "Sen Subin (ENG)"]
[Result "0-1"]
[WhiteElo "1879"]
[BlackElo "2073"]

1.d4 Nf6 2.c4 g6 3.Nc3 d5 4.Qb3 dxc4 5.Qxc4 Bg7 6.e4 O-O 7.e5 Nfd7 8.Nf3 Nb6
9.Qb3 Be6 10.Qd1 Nc6 11.Bb5 Nb4 12.a3 N4d5 13.O-O a6 14.Bd3 Nxc3 15.bxc3 Nc4
16.Qe2 b5 17.Ng5 Bd5 18.f4 c5 19.f5 Qb6 20.Be3 Nxe3 21.Qxe3 cxd4 22.Qxd4 Qxd4+
23.cxd4 Bh6 24.h4 f6 25.exf6 exf6 26.fxg6 fxg5 27.gxh7+ Kh8 28.hxg5 Bxg5
29.Rad1 Be3+ 30.Kh1 Rxf1+ 31.Bxf1 Ra7 {#R} 0-1

[Event "Ch Poland (team) (juniors) (1 liga)"]
[Site "masterchessopen.com – Gorzow Wielkopolski (Poland)"]
[Date "2008.07.10"]
[Round "6"]
[White "Wcislo Damian (POL)"]
[Black "Statucki Maciej (POL)"]
[Result "1-0"]
[WhiteElo "2219"]
[BlackElo "1684"]

1.d4 Nf6 2.c4 g6 3.Nc3 d5 4.Qb3 dxc4 5.Qxc4 Bg7 6.e4 e6 7.Be2 O-O 8.Nf3 Na6
9.O-O b6 10.Qa4 Nb8 11.Rd1 Bb7 12.Qc2 Qe7 13.h3 h6 14.Bf4 Rd8 15.Rac1 Nc6
16.Be3 Rac8 17.a3 Nb8 18.b4 Nbd7 19.e5 Nd5 20.Nxd5 Bxd5 21.Ba6 Rb8 22.b5 Bxf3
23.gxf3 Nf8 24.Qxc7 Qxc7 25.Rxc7 Bxe5 26.Rxa7 Rd6 27.Rb7 Rbd8 28.Ra1 Bg7
29.Rc1 Nd7 30.Rc4 Nf6 31.Rcc7 Nd7 32.Rc6 Rd5 33.Rc4 g5 34.Rbc7 e5 35.Rc8 Rxc8
36.Rxc8+ Kh7 37.Bb7 Rxb5 38.Be4+ {#r} 1-0

[Event "It (open) \"]
[Site "masterchessopen.com – Jyvaskyla (Finland)"]
[Date "2008.07.18"]
[Round "9"]
[White "Aijala Jouko (FIN)"]
[Black "Kyburz Stefan (FIN)"]
[Result "1-0"]
[WhiteElo "2183"]
[BlackElo "2038"]

1.c4 Nf6 2.Nc3 g6 3.d4 d5 4.Qb3 dxc4 5.Qxc4 a6 6.Bf4 c6 7.Nf3 b5 8.Qd3 Bg7
9.e4 O-O 10.Be2 Nbd7 11.Rd1 Nb6 12.O-O Bb7 13.e5 Nfd5 14.Bg3 Nxc3 15.bxc3 Bc8
16.Qd2 f6 17.exf6 exf6 18.Ne1 Be6 19.Nd3 Na4 20.Nf4 Bd5 21.Rfe1 Re8 22.h4 Qa5
23.Nxd5 cxd5 24.Bf3 Rxe1+ 25.Qxe1 Rd8 26.Qe6+ Kh8 27.Qe7 Rc8 28.Rd3 Nxc3 29.h5
Ne4 30.Bg4 Qd8 31.Qe6 Rc1+ 32.Kh2 Nxg3 33.Rxg3 f5 34.Bf3 gxh5 35.Rh3 Rc4
36.Qxf5 Rxd4 37.Qxh5 h6 38.Qg6 Qf6 39.Rxh6+ Kg8 40.Qh7+ {#r} 1-0